000
00328nam a2200133Ia 4500
008
240624s9999 xx 000 0 und d
041
_a
eng
082
_a
657.02 GHO
100
_a
GHOSH T P
245
_a
INDIAN ACCOUNTING STANDARDS IND AS AND I
250
_a
(2nd ed.)
260
_c
2011
_a
New Delhi
_b
Taxmann
365
_c
RS
_b
29
999
_c
20046
_d
20046